Dynamical, spectral, and arithmetic zeta functions : AMS Special Session on Dynamical, Spectral, and Arithmetic Zeta Functions, January15-16 1999, San Antonio, Texas

Αποθηκεύτηκε σε:
Λεπτομέρειες βιβλιογραφικής εγγραφής
Συγγραφή απο Οργανισμό/Αρχή: AMS Special Session on Dynamical, Spectral, and Arithmetic Zeta Functions San Antonio, Tex.
Άλλοι συγγραφείς: Lapidus, Michel L. (Michel Laurent), 1956- (Επιμελητής έκδοσης), Van Frankenhuysen, Machiel, 1967- (Επιμελητής έκδοσης)
Μορφή: Πρακτικό Συνεδρίου Βιβλίο
Γλώσσα:English
Δημοσίευση: Providence, R.I. : American Mathematical Society : c2001.
Σειρά:Contemporary mathematics (American Mathematical Society) ; 290
Θέματα:
Ετικέτες: Προσθήκη ετικέτας
Δεν υπάρχουν, Καταχωρήστε ετικέτα πρώτοι!

MARC

LEADER 00000cam a2200000 i 4500
001 1/66103
008 041119s2001 riu| ||| |||| ||eng||
020 |a 0821820796 
035 |l 10075339 
040 |a GR-MyUa  |b gre  |e AACR2 
041 0 |a eng 
082 7 |a 515.56   |2 (21) 
111 2 |a AMS Special Session on Dynamical, Spectral, and Arithmetic Zeta Functions   |d (1999 :   |c San Antonio, Tex.) 
245 1 0 |a Dynamical, spectral, and arithmetic zeta functions :   |b AMS Special Session on Dynamical, Spectral, and Arithmetic Zeta Functions, January15-16 1999, San Antonio, Texas /   |c Michel L. Lapidus, Machiel Van Frankenhuysen, editors. 
260 |a Providence, R.I. :   |a American Mathematical Society :   |c c2001. 
300 |a x, 195 σ. :   |b εικ. ;   |c 26 εκ. 
490 1 |a (Contemporary mathematics ;   |v 290) 
504 |a Περιέχει βιβλιογραφικές αναφορές. 
650 0 |a Functions, Zeta  |x Congresses. 
700 1 |a Lapidus, Michel L.   |q (Michel Laurent),   |d 1956-  |e edt 
700 1 |a Van Frankenhuysen, Machiel,   |d 1967-  |e edt 
830 0 |a Contemporary mathematics (American Mathematical Society) ;  |v 290 
852 |a INST  |b SAMOS  |e 20041119  |h 515.56 AMS  |p 005300022728  |q 005300022728  |t BK  |y 0 
901 |a BIBL3-2004-3 
922 |a 3ΕΛΗ  |b 200409  |c ΕΠΕΑΕΚ2/ΤΜΗΜΑ ΜΑΘΗΜΑΤΙΚΩΝ  |d ΜΙΧΑΛΟΠΟΥΛΟΣ 
950 |a 116-2004-09-30 
970 |a ΚΟΣΙΕΡΗΣ  |b ΧΡΗΣΤΟΣ  |z 2004/12/08